000 00614nam a2200193Ia 4500
003 GCL
008 140319s9999 xx 000 0 ara d
040 _aGCL /
_cGCL
082 0 4 _a301.01
_bا ت
100 1 _aابراهيم ابوالغد
245 1 0 _aالتقويم فى برامج تنمية المجتمع مبادىء وخبرات /
_cابراهيم ابوالغد
260 _a[S.N] :
_bمركز التربية الاساسية ،
_c1960
300 _a96
490 _a
650 0 4 _aالمجتمع
650 0 4 _aالتنمية الاجتماعية
650 0 4 _aالاجتماع
942 _2ddc
_cBK
999 _c30744
_d30744